000 00752nam a22002177a 4500
005 20100818141621.0
010 _aENG-100891
020 _a9788190765701
_c75.00
020 _a8190765701
_c75.00
035 _aEN-84424
037 _bDBAD/PUB
082 _a364.34
100 _aSaravankumar, S.
_914769
245 _aDisaster management /
_cby S.Saravankumar
260 _aChennai
_bArul Publcation
_c2008
270 _a66, Periyar Street, M.G.R. Nagar
_bChennai
_e600078
300 _a141p.
_c20cm (pbk)
500 _aIncludes bibliographical references
942 _2ddc
_cEN
_h363.34
_mSAR
999 _c42419
_d42419